Tiszatáj 1947/10
Elmentve itt :
| Dokumentumtípus: | Folyóirat |
|---|---|
| Megjelent: |
1947
|
| Sorozat: | Tiszatáj
1 No. 10 |
| Online Access: | http://tiszataj.bibl.u-szeged.hu/18 |
| LEADER | 00436nas a2200145 i 4500 | ||
|---|---|---|---|
| 001 | tisza18 | ||
| 005 | 20200415091017.0 | ||
| 008 | 160906s1947 hu o 0|| hun d | ||
| 022 | |a 0133-1167 | ||
| 040 | |a SZTE Tiszatáj Archívum |b hun | ||
| 041 | |a hun | ||
| 245 | 0 | 0 | |a Tiszatáj 1947/10 |h [elektronikus dokumentum] |
| 260 | |c 1947 | ||
| 490 | 0 | |a Tiszatáj |v 1 No. 10 | |
| 856 | 4 | 0 | |u http://tiszataj.bibl.u-szeged.hu/18/1/tiszataj_1947_010.pdf |z Dokumentum-elérés |